Actividades matemáticas para el desarrollo de procesos lógicos: contar e inducir

Saved in:
Bibliographic Details
Main Authors: Luque Arias, Carlos Julio (autor), Mora Mendieta, Lyda Constanza (Author), Páez Ortegón, Jorge Edgar (Author)
Format: Book
Language:Spanish
Published: Bogotá Universidad Pedagógica Nacional 2002
Subjects:
Tags: Add Tag
No Tags, Be the first to tag this record!

MARC

LEADER 00000nam a2200000 a 4500
001 UCM9453
003 CL-VaPUC
008 030425e20020000CK |||||||||||||||||spa|d
082 0 4 |a 511  |b LUQ  |2 21 
100 |a Luque Arias, Carlos Julio  |e autor  |9 526023 
700 0 |a Mora Mendieta, Lyda Constanza  |e author  |9 476000 
700 0 |a Páez Ortegón, Jorge Edgar  |e author  |9 476001 
245 1 0 |a Actividades matemáticas para el desarrollo de procesos lógicos: contar e inducir 
300 |a 245 p 
942 |c BK 
945 |d 20030425 00:00:00  |a cmena 
260 |a Bogotá  |b Universidad Pedagógica Nacional  |c 2002 
650 7 |a SISTEMAS MATEMATICOS  |2 CL-VaPUC  |9 476002 
650 7 |a EJERCICIOS MATEMATICOS  |2 CL-VaPUC  |9 459962 
650 0 |a Métodos de enseñanza  |9 270413 
650 0 |a Lógica matemática   |9 262442 
650 0 |a Educación superior   |9 223851 
583 |a last modification  |c 20030425 00:00:00  |k Rodrigo Vera 
999 |c 303721  |d 303719 
952 |0 0  |1 0  |4 0  |6 511_000000000000000_LUQ_2002  |7 0  |8 A  |9 365219  |a BIBMAT  |b BIBMAT  |c E_DIDACT  |d 2019-11-21  |i 3898016  |o 511 LUQ 2002  |p 3898016  |r 2025-01-07  |w 2019-11-21  |y BK  |k MAT